| 000 | 00397cam a2200109ua 4500 | ||
|---|---|---|---|
| 082 |
_a631.30954 _bIND/PR |
||
| 100 |
_a, . _91478 |
||
| 245 | 0 | 0 | _aProceedings of the Silver jubilee Convention,Indian Society of Agricultural Engineers 29-31 October 1985 vol-4 Energy in Agriculture / |
| 260 |
_aBhopal : _bCentral Institute of Agricultural Engineering , _c1985. |
||
| 300 | _a58 ; . | ||
| 942 | _cREF | ||
| 999 |
_c10673 _d10673 |
||